[Event "POL-chT U20"]
[Site "Lublin"]
[Date "2021.06.30"]
[Round "5.6"]
[White "Tokarz, Izabela"]
[Black "Pastuszko, Katarzyna"]
[Result "1-0"]
[WhiteElo "1621"]
[BlackElo "1503"]
[PlyCount "81"]
[EventDate "2021.06.26"]
[EventType "team-tourn"]
[EventRounds "9"]
[EventCountry "POL"]
[SourceTitle "CBM 203 Extra"]
[Source "ChessBase"]
[SourceDate "2021.09.30"]
[SourceVersion "1"]
[SourceVersionDate "2021.09.30"]
[SourceQuality "1"]
[WhiteTeam "Trzebinia UKS Hetman Koronny"]
[BlackTeam "Warszawa Czternastka"]
[WhiteTeamCountry "POL"]
[BlackTeamCountry "POL"]

1. d4 d5 2. c4 dxc4 3. e3 Nf6 4. Bxc4 e6 5. Nf3 a6 6. 0-0 b5 7. Bb3 Bb7 8. Qe2 Nbd7 9. Ne5 c5 10. f4 Be4 11. Nc3 c4 12. Bc2 Bxc2 13. Qxc2 Nxe5 14. fxe5 Ng4 15. Qe4 Nh6 16. Qc6+ Ke7 17. d5 Qc8 18. d6+ Kd8 19. Qb6+ Ke8 20. Rd1 Qd7 21. Ne4 Be7 22. Nc5 Bd8 23. Nxd7 Bxb6 24. Nxb6 Rb8 25. d7+ Kd8 26. Nc8 Kc7 27. e4 Ng4 28. Bf4 h6 29. h3 g5 30. Bxg5 hxg5 31. hxg4 Rd8 32. Rac1 Rxd7 33. Rxd7+ Kxd7 34. Nd6 f6 35. Rd1 Ke7 36. exf6+ Kxf6 37. Rf1+ Kg6 38. e5 Kg7 39. Rf7+ Kg8 40. Re7 Kf8 41. Rxe6 1-0